Personnes Célèbres par Pays - Statistiques

Statistiques générales
  • Ce quiz a été pris 431 fois
  • Le résultat moyen est 14 sur 20
Statistiques - réponses
Personne Pays % Correct
Charles de Gaulle France
96%
Nelson Mandela Afrique du Sud
95%
Cristiano Ronaldo Portugal
93%
Albert Einstein Allemagne
87%
Mahatma Gandhi Inde
87%
Greta Thunberg Suède
87%
Francisco Franco Espagne
83%
Wolfgang Amadeus Mozart Autriche
82%
Fidel Castro Cuba
81%
Homère Grèce
81%
Shakira Colombie
78%
Saddam Hussein Irak
73%
Mahomet Arabie Saoudite
68%
Gengis Khan Mongolie
68%
BTS Corée du Sud
67%
Frida Kahlo Mexique
63%
Nicolas Machiavel Italie
62%
Malala Yousafzai Pakistan
33%
Marie Kondo Japon
28%
Mansa Moussa Mali
26%
Aucun quiz correspondant
Distribution des résultats
% des personnes avec chaque résultat
Percentile par nombre de réponses
Votre historique - résultats
Vous n’avez pas pris ce quiz